[Event "Olympiad Women 2024"]
[Site "Budapest HUN"]
[Date "2024.09.15"]
[Round "5.14"]
[Board "3"]
[White "Mandura, Tijana"]
[Black "Korenova, Martina"]
[Result "1/2-1/2"]
[WhiteElo "2207"]
[BlackElo "2104"]
[PlyCount "85"]
[EventDate "2024.09.11"]
[WhiteTeam "Serbia"]
[BlackTeam "Czech Republic"]
[WhiteTeamCountry "SRB"]
[BlackTeamCountry "CZE"]

1. e4 d6 2. d4 Nf6 3. Nc3 g6 4. Nf3 Bg7 5. Be2 O-O 6. O-O c6 7. a4 Nbd7 8. a5 Qc7 9. h3 e5 10. dxe5 dxe5 11. Be3 Rd8 12. Qb1 Nf8 13. Bc4 Be6 14. Qa2 b5 15. Bxe6 Nxe6 16. b4 Nd4 $146 ({RR} 16... Bf8 17. Qb2 Nd4 18. Bg5 Qe7 19. Bxf6 Nxf3+ 20. gxf3 Qxf6 21. Kg2 Rd4 22. Na2 Rad8 23. Rae1 Rd2 24. Qb3 Qg5+ 25. Kh2 R8d4 26. Re3 Bh6 27. c3 {0-1 Gripeos,K (2127)-Nikolaidis,I (2545) Isthmia op 1st 2011 (2)}) 17. Rfd1 Nh5 18. Ne1 Nf4 19. Kh2 Qe7 20. Qb2 Rd7 21. g3 Nfe6 22. Na2 Rad8 23. c3 Nf3+ 24. Nxf3 Rxd1 25. Rxd1 Rxd1 26. Bd2 Qd7 27. Nc1 c5 28. Qc2 cxb4 29. cxb4 Rxd2 30. Qxd2 Qxd2 31. Nxd2 Bf8 32. Nd3 Nd4 33. Nb1 Nc6 34. Nc3 Nxb4 35. Nxb4 Bxb4 36. Nxb5 Bxa5 37. Nxa7 Bb6 38. Nc6 Bxf2 39. Nxe5 Kg7 40. Kg2 Bd4 41. Nd3 Kf6 42. Kf3 Ke6 43. Kf4 1/2-1/2

[Event "Olympiad Women 2024"]
[Site "Budapest HUN"]
[Date "2024.09.15"]
[Round "5.14"]
[Board "4"]
[White "Novosadova, Kristyna"]
[Black "Eric, Jovana"]
[Result "0-1"]
[WhiteElo "2066"]
[BlackElo "2162"]
[PlyCount "94"]
[EventDate "2024.09.11"]
[WhiteTeam "Czech Republic"]
[BlackTeam "Serbia"]
[WhiteTeamCountry "CZE"]
[BlackTeamCountry "SRB"]

1. e4 c5 2. Nf3 d6 3. d4 cxd4 4. Nxd4 Nf6 5. Nc3 a6 6. Bc4 e6 7. Bb3 b5 8. Bg5 Be7 9. Qf3 Qb6 10. O-O-O O-O 11. Qg3 ({RR} 11. g4 b4 12. Na4 Qb7 13. Bxf6 Bxf6 14. h4 Nc6 15. Nxc6 Qxc6 16. g5 Be7 17. Qe3 Rb8 18. f4 Rb5 19. h5 Bb7 20. Rhe1 Bd8 21. Kb1 Re8 22. Qd2 Bc7 23. h6 g6 24. Qd4 e5 25. Qf2 exf4 {0-1 Kudrin,S (2538)-Morovic Fernandez,I (2573) American Continental 02nd 2003 (8)}) 11... b4 ({RR} 11... Bd7 12. f4 b4 13. Bxf6 Bxf6 14. e5 dxe5 15. Ne4 exd4 16. Nxf6+ Kh8 17. Qh4 h6 18. g4 Bc6 19. Rhg1 Qd8 20. g5 Ra7 21. Rd3 Bb5 22. Rh3 d3 23. Qf2 d2+ 24. Kd1 Nd7 25. Rxh6+ gxh6 26. Qh4 {1-0 Abu Sufian,S (2254)-Anata,C (2159) BAN-ch 45th Dhaka 2019 (10)}) 12. Na4 Qc7 13. Rhe1 $146 ({RR} 13. Bh6 Ne8 14. Be3 Bd7 15. f4 Qa5 16. Nb6 Qxb6 17. Nxe6 Qb7 18. Nxg7 Kh8 19. Nxe8 Bxe8 20. Bd4+ f6 21. e5 dxe5 22. fxe5 Bg6 23. exf6 Bxf6 24. Bxf6+ Rxf6 25. Rd8+ Kg7 26. Rg8+ Kh6 {1-0 Justnes,A-Van der Stricht,G Sas van Gent ECI op U20 1990 (7)}) ({RR} 13. Bh6 Ne8 14. Bd2 a5 15. Bg5 Bxg5+ 16. Qxg5 h6 17. Qh4 Nc6 18. g4 Nxd4 19. Rxd4 Bd7 20. Qe7 Ra6 21. Rhd1 Bxa4 22. Qxc7 Nxc7 23. Bxa4 d5 24. f4 dxe4 25. Rxe4 Nd5 26. f5 Nf6 27. Rc4 Ra7 {1-0 Zivkovic,V (2426)-Arsovic,G (2504) Zupanja op-A 2nd 2008 (8)}) 13... Bd7 14. e5 dxe5 15. Nf3 Nc6 16. Bh6 Ne8 17. Rxd7 Qxd7 18. Nb6 Qb7 19. Nxa8 Qxa8 20. Ba4 Kh8 21. Bxc6 Qxc6 22. Nxe5 Qa4 23. Be3 f6 24. Qh4 g5 25. Qh6 fxe5 26. Qxe6 Bf6 27. Bc5 Rg8 28. Re4 Qb5 29. Bxb4 Qf1+ 30. Re1 Qxf2 31. Qxa6 Qxg2 32. a4 Bg7 33. Qb6 Nf6 34. a5 Qxh2 35. Qc6 Qf4+ 36. Bd2 Qf5 37. a6 Rc8 38. Qa4 Nd7 39. b4 Nb6 40. Qa2 e4 41. a7 Bd4 42. Qa5 Qe6 43. Be3 Bb2+ 44. Kb1 Qc4 45. Kxb2 Qxc2+ 46. Ka1 Qc3+ 47. Ka2 Nc4 0-1

[Event "Olympiad Women 2024"]
[Site "Budapest HUN"]
[Date "2024.09.15"]
[Round "5.15"]
[Board "1"]
[White "Zherebtsova, Alexandra"]
[Black "Pham, Le Thao Nguyen"]
[Result "1-0"]
[WhiteElo "2239"]
[BlackElo "2380"]
[PlyCount "103"]
[EventDate "2024.09.11"]
[WhiteTeam "Montenegro"]
[BlackTeam "Vietnam"]
[WhiteTeamCountry "MNE"]
[BlackTeamCountry "VIE"]

1. e4 c6 2. d4 d5 3. e5 Bf5 4. h4 h5 5. Bd3 Bxd3 6. Qxd3 Qa5+ 7. Nd2 e6 8. Ne2 Qa6 9. c4 Ne7 10. b3 Nd7 11. O-O Nf5 12. Nf3 Nb6 13. Ng3 dxc4 14. Qe2 c3 15. Qc2 g6 16. Bg5 $146 ({RR} 16. Nxf5 gxf5 17. Qxc3 Nd5 18. Qb2 Qd3 19. Bg5 Bb4 20. Rfd1 Qa6 21. Qc2 Rg8 22. a3 Be7 23. b4 Rd8 24. Qd2 Rg6 25. Rdb1 Qc4 26. Kh2 Rd7 27. Rc1 Qb5 28. Qd1 Bxg5 29. Nxg5 Nf4 30. g3 Qe2 {½-½ Santos Ruiz,M (2440)-Bravo Barranco,N (2251) ESP-ch 81st Linares 2016 (2)}) 16... Nd5 17. Ne4 Qa3 18. Bf6 Rg8 19. Nxc3 Nxc3 20. Qxc3 Be7 21. Rfd1 O-O-O 22. Qc4 Rd5 23. Ng5 Rf8 24. g3 Qb4 25. a3 Qb6 26. Bxe7 Nxe7 27. Rd3 Nf5 28. Rad1 Rd7 29. d5 exd5 30. Rxd5 Rxd5 31. Rxd5 Nxg3 32. Rd3 Nf5 33. Nxf7 Kb8 34. e6 a6 35. Rd7 Re8 36. Ng5 Ka7 37. b4 Qb5 38. Qe4 Re7 39. Nf7 c5 40. Rxe7 Nxe7 41. Nd6 Qb6 42. bxc5 Qb2 43. Kg2 Qb3 44. Qb4 Qd5+ 45. f3 Qc6 46. a4 Nd5 47. Qe4 Qxc5 48. e7 Qxd6 49. e8=Q Nf4+ 50. Kg3 Ne2+ 51. Kf2 Nd4 52. Q8e5 1-0

[Event "Olympiad Women 2024"]
[Site "Budapest HUN"]
[Date "2024.09.15"]
[Round "5.15"]
[Board "2"]
[White "Vo, Thi Kim Phung"]
[Black "Skvortsova, Alena"]
[Result "1-0"]
[WhiteElo "2320"]
[BlackElo "2179"]
[PlyCount "119"]
[EventDate "2024.09.11"]
[WhiteTeam "Vietnam"]
[BlackTeam "Montenegro"]
[WhiteTeamCountry "VIE"]
[BlackTeamCountry "MNE"]

1. d4 d5 2. c4 c5 3. cxd5 Nf6 4. dxc5 Qxd5 5. Qxd5 Nxd5 6. e4 ({RR} 6. a3 e6 7. e4 Nf6 8. b4 a5 9. Bb2 axb4 10. axb4 Rxa1 11. Bxa1 Nc6 12. Bb5 Bd7 13. Bxc6 Bxc6 14. f3 b6 15. Nc3 bxc5 16. b5 Bb7 17. Nge2 c4 18. Na4 Ba3 19. Bb2 Bb4+ 20. Bc3 Bxc3+ {1-0 Grischuk,A (2708)-Nakamura,H (2802) CrunchLab Masters Div 2 L 2024 (6.3)}) ({RR} 6. Bd2 Na6 7. e4 Ndb4 8. Bb5+ Bd7 9. Bxd7+ Kxd7 10. Na3 Nxc5 11. Bxb4 Nd3+ 12. Ke2 Nxb4 13. Nf3 f6 14. Rhd1+ Ke6 15. Nb5 Kf7 16. Rd7 a6 17. Nd6+ Ke6 18. Rxb7 Nc6 19. Nf5 g6 20. N5d4+ Nxd4+ {0-1 Gutkin,I (2285)-Hirneise,J (2299) Titled Tue 4th Jun Early 2024 (4)}) 6... Nb4 7. Na3 e5 8. Bd2 N8a6 $146 ({RR} 8... Bxc5 9. O-O-O Nxa2+ 10. Kb1 Nb4 11. Nb5 N8a6 12. Bg5 O-O 13. Bc4 h6 14. Bh4 Re8 15. h3 Be6 16. Bxe6 Rxe6 17. f3 g5 18. Bg3 Rf8 19. Na3 Rd6 20. Rxd6 Bxd6 21. Nc4 Bc7 22. Bxe5 Bxe5 23. Nxe5 {0-1 Yavuz,T (1133)-Piepereit,R (1184) Wuerttemberg-ch U10 2002 (2)}) 9. Rc1 Bd7 10. Nf3 f6 11. Bc4 Bxc5 12. O-O Ke7 13. Nb1 b5 14. a3 bxc4 15. axb4 Bxb4 16. Bxb4+ Nxb4 17. Rxc4 a5 18. Nc3 Rhc8 19. Rxc8 Rxc8 20. Ra1 a4 21. Ne1 Ra8 22. f3 Kd6 23. Kf2 Kc5 24. Ke3 Kc4 25. Ra3 Bc6 26. Nb1 Rd8 27. Rc3+ Kb5 28. Na3+ Kb6 29. Rc4 Ka5 30. Nec2 Nxc2+ 31. Rxc2 Bb5 32. Nxb5 Kxb5 33. Rc7 Kb4 34. Rxg7 Kb3 35. Rb7+ Kc2 36. Kf2 Rd3 37. Rb4 Rd4 38. Rb6 Rd1 39. Kg3 Rd3 40. Rb4 Rd4 41. Rb7 Rd3 42. Kg4 Rb3 43. Ra7 Rb4 44. Kf5 Kxb2 45. Kxf6 a3 46. Kxe5 a2 47. Kf6 Rb3 48. Rxa2+ Kxa2 49. e5 h5 50. h4 Re3 51. e6 Kb3 52. e7 Kc4 53. Kf7 Kd5 54. e8=Q Rxe8 55. Kxe8 Ke6 56. g3 Kf6 57. Kf8 Kg6 58. Ke7 Kh6 59. Kf6 Kh7 60. Kg5 1-0

[Event "Olympiad Women 2024"]
[Site "Budapest HUN"]
[Date "2024.09.15"]
[Round "5.15"]
[Board "3"]
[White "Milovic, Aleksandra"]
[Black "Luong Phuong Hanh"]
[Result "0-1"]
[WhiteElo "2121"]
[BlackElo "2225"]
[PlyCount "168"]
[EventDate "2024.09.11"]
[WhiteTeam "Montenegro"]
[BlackTeam "Vietnam"]
[WhiteTeamCountry "MNE"]
[BlackTeamCountry "VIE"]

1. e4 c5 2. Nf3 g6 3. c4 Nc6 4. d4 cxd4 5. Nxd4 Nf6 6. Nc3 d6 7. Be2 Nxd4 8. Qxd4 Bg7 9. Be3 O-O 10. Qd2 a5 11. f3 a4 12. O-O Bd7 13. Rad1 Bc6 14. c5 dxc5 15. Bxc5 ({RR} 15. Qxd8 Rfxd8 16. Bxc5 Bf8 17. Rxd8 Rxd8 18. Rd1 Rc8 {½-½ Alfonso Ruisanchez,L (1950)-Diaz Garcia,L (2000) ch-CUB w 2024 (9.10)}) 15... Nd7 $146 ({RR} 15... Qxd2 16. Rxd2 Rfd8 17. Rxd8+ Rxd8 18. Rd1 Re8 19. Bb5 Bxb5 20. Nxb5 Bf8 21. e5 Rc8 22. Ba3 Nh5 23. Nc3 e6 24. Bxf8 Kxf8 25. Nxa4 Rc2 26. Rd8+ Ke7 27. Rb8 Nf4 28. Rxb7+ Kf8 29. g3 Ne2+ 30. Kf1 {1-0 Bjerre,J (2357)-Kalavannan,K (2201) EU-chT U18 Rymanow Zdroj 2017 (4.6)}) 16. Qe3 Re8 17. Bb4 Qb6 18. Qxb6 Nxb6 19. Nb5 Bxb5 20. Bxb5 Rec8 21. b3 axb3 22. axb3 Bf6 23. f4 e6 24. Rf3 Rc2 25. Rf2 Rcc8 26. g3 Bc3 27. Be7 f5 28. exf5 gxf5 29. Re2 Kf7 30. Bh4 Ra1 31. Rxa1 Bxa1 32. Rd2 Rc5 33. Bf1 Rc1 34. Kf2 Bc3 35. Rd6 Bb4 36. Rd3 Bc5+ 37. Kg2 Nd5 38. Be2 Rc2 39. Kf1 Ne3+ 40. Ke1 Bb4+ 41. Kf2 Ng4+ 42. Kf1 Nxh2+ 43. Kf2 Kg6 44. Bd8 Rb2 45. Bb6 Ng4+ 46. Kf1 Nf6 47. Bd4 Rb1+ 48. Kg2 Ne4 49. Bf3 Rc1 50. g4 Rc2+ 51. Kg1 Nd2 52. gxf5+ Kxf5 53. Bxb7 Rc7 54. Bg2 Rd7 55. Kf2 Ne4+ 56. Ke3 Nf6 57. Bh3+ Ng4+ 58. Bxg4+ Kxg4 59. Ke4 h5 60. Rd1 h4 61. Rg1+ Kh3 62. Kf3 Kh2 63. Rd1 Rd5 64. Bg1+ Kh3 65. Rxd5 exd5 66. Bd4 Kh2 67. f5 h3 68. f6 Bf8 69. Kf2 Bb4 70. Be5+ Kh1 71. Bc7 Bc5+ 72. Kf1 d4 73. Bd8 d3 74. Be7 d2 75. Ke2 Kg2 76. Bxc5 h2 77. Kxd2 h1=Q 78. Be7 Qh3 79. b4 Qb3 80. Ke2 Qc3 81. b5 Qe5+ 82. Kd3 Qxb5+ 83. Ke4 Kg3 84. Kd4 Kf3 0-1

[Event "Olympiad Women 2024"]
[Site "Budapest HUN"]
[Date "2024.09.15"]
[Round "5.15"]
[Board "4"]
[White "Bach Ngoc Thuy Duong"]
[Black "Koljevic, Nikolina"]
[Result "1-0"]
[WhiteElo "2214"]
[BlackElo "2030"]
[PlyCount "41"]
[EventDate "2024.09.11"]
[WhiteTeam "Vietnam"]
[BlackTeam "Montenegro"]
[WhiteTeamCountry "VIE"]
[BlackTeamCountry "MNE"]

1. d4 Nf6 2. c4 e6 3. Nc3 Bb4 4. Nf3 O-O 5. Bg5 d5 6. e3 Nbd7 7. Rc1 b6 ({RR} 7... c6 8. a3 Be7 9. h3 h6 10. Bf4 dxc4 11. Bxc4 b5 12. Bd3 Bb7 13. O-O Qb6 14. Qe2 a6 15. b4 a5 16. Rb1 axb4 17. axb4 Nd5 18. Nxd5 exd5 19. e4 Rfe8 20. e5 Nf8 21. Be3 Bc8 22. Ne1 {½-½ Goganov,A (2627)-Kravtsiv,M (2631) Riga Tech op 6th 2016 (7)}) 8. cxd5 ({RR} 8. a3 Be7 9. Qc2 Bb7 10. cxd5 exd5 11. Bd3 h6 12. Bf4 a6 13. O-O c5 14. dxc5 bxc5 15. Rfd1 Rc8 16. Bf5 Ra8 17. Rd2 Qb6 18. Rcd1 Rad8 19. Ne5 Nxe5 20. Bxe5 Qc6 21. Bxf6 Bxf6 22. Nxd5 Rd6 {1-0 Mesquita,E (1958)-Shapiro,D (2284) Titled Tue 2nd Jul Late 2024 (10)}) 8... exd5 9. Bb5 Bb7 $146 ({RR} 9... Bxc3+ 10. Rxc3 Bb7 11. Ne5 Qc8 12. Nxd7 Nxd7 13. Qg4 f5 14. Qg3 c6 15. Qd6 Nb8 16. O-O a6 17. Ba4 b5 18. Bc2 Qd7 19. Qg3 g6 20. Rc1 a5 21. Bb1 b4 22. R3c2 Na6 23. Bf4 Rf7 24. h4 {1-0 Hilwani,T (2274)-Khalifa Essa,A (1341) Sharjah op rapid 2018 (1)}) 10. Ne5 Nb8 11. O-O h6 12. Bh4 Be7 13. Qb3 a6 14. Be2 Qd6 15. Bg3 Qb4 16. Qc2 Bd8 17. Bf3 c5 18. Nd3 Qa5 19. Bd6 c4 20. b4 cxd3 21. Qb2 1-0

[Event "Olympiad Women 2024"]
[Site "Budapest HUN"]
[Date "2024.09.15"]
[Round "5.16"]
[Board "1"]
[White "Kosteniuk, Alexandra"]
[Black "Terao, Juliana Sayumi"]
[Result "1-0"]
[WhiteElo "2483"]
[BlackElo "2161"]
[PlyCount "47"]
[EventDate "2024.09.11"]
[WhiteTeam "Switzerland"]
[BlackTeam "Brazil"]
[WhiteTeamCountry "SUI"]
[BlackTeamCountry "BRA"]

1. e4 e5 2. Nf3 Nc6 3. Bc4 Nf6 4. d3 Bc5 5. a4 a5 6. Nc3 d6 7. Be3 Bxe3 8. fxe3 O-O 9. Qe2 Be6 10. O-O-O ({RR} 10. Bxe6 fxe6 11. O-O-O Qd7 12. h3 Nb4 13. g4 c6 14. d4 exd4 15. exd4 d5 16. Ne5 Qd8 17. Rhf1 dxe4 18. g5 Nfd5 19. Nxe4 Qb6 20. Nd7 Na2+ 21. Kb1 Nac3+ 22. Nxc3 Nxc3+ 23. Ka1 Nxe2 24. Nxb6 Rxf1 {0-1 Huschenbeth,N (2618)-Kucza,K (2328) Titled Tue 20th Feb Early 2024 (6)}) 10... Bxc4 $146 ({RR} 10... Nb4 11. Kb1 c6 12. Bxe6 fxe6 13. d4 exd4 14. exd4 d5 15. exd5 exd5 16. Qe6+ Kh8 17. Ne5 Qe8 18. Qd6 Rd8 19. Qc7 Nd7 20. Qxa5 Nxe5 21. dxe5 Qe7 22. Rhf1 Ra8 23. Qb6 h6 24. e6 Na6 25. Rfe1 {1-0 Movsesian,S (2632)-Predke,A (2580) Lindores Abbey Blitz Tal Memorial 2021 (13.13)}) ({RR} 10... Qe7 11. Kb1 Rad8 12. Bxe6 Qxe6 13. g4 Nb4 14. g5 Nd7 15. d4 c6 16. h4 d5 17. exd5 cxd5 18. dxe5 Nxe5 19. Nxe5 Qxe5 20. Rd4 Rfe8 21. Rhd1 Rc8 22. Qf2 Rc4 23. Rxc4 dxc4 24. Rd4 Qe6 25. Re4 {½-½ Demchenko,A (2651)-Hovhannisyan,R (2622) FIDE Grand Swiss 2021 (11)}) 11. dxc4 Qc8 12. Rhg1 Nb4 13. g4 Nd7 14. g5 Nc5 15. Rg3 Qe6 16. h4 c6 17. Nh2 Rad8 18. Ng4 Kh8 19. h5 f5 20. gxf6 gxf6 21. Nh6 f5 22. Nxf5 b6 23. Rdg1 Nxe4 24. Qg4 1-0

[Event "Olympiad Women 2024"]
[Site "Budapest HUN"]
[Date "2024.09.15"]
[Round "5.16"]
[Board "2"]
[White "Librelato, Kathie Goulart"]
[Black "Georgescu, Lena"]
[Result "0-1"]
[WhiteElo "2181"]
[BlackElo "2266"]
[PlyCount "95"]
[EventDate "2024.09.11"]
[WhiteTeam "Brazil"]
[BlackTeam "Switzerland"]
[WhiteTeamCountry "BRA"]
[BlackTeamCountry "SUI"]

1. e4 {Golubev,Mikhail} e5 2. Nf3 Nc6 3. Bb5 a6 4. Ba4 b5 5. Bb3 Na5 6. O-O ({RR} 6. Bxf7+ Kxf7 7. Nxe5+ Ke7) 6... d6 7. d4 exd4 8. Re1 ({RR} 8. Qxd4 Ne7 ({RR} 8... c5 9. Bxf7+ Kxf7 10. Qd5+ Be6 11. Ng5+) ({RR} 8... Bb7 9. c4 c5) 9. Qd3 c5 10. c4 Be6 11. Nbd2 ({RR} 11. Na3) ({RR} 11. cxb5 c4) 11... Nxb3 12. axb3 b4 ({RR} 12... Nc6 13. cxb5 axb5 14. Rxa8 Qxa8 15. Qxb5 ({RR} 15. Ng5) 15... Be7) 13. Rd1 Nc6 ({RR} 13... Ng6 14. Nf1) 14. Nf1 Bg4 ({RR} 14... Be7 15. Bf4) 15. Bf4 Bxf3 16. Qxf3 Nd4 17. Rxd4 cxd4 18. e5 Rc8 ({RR} 18... dxe5 19. Qc6+ Ke7 20. Bxe5 f6 21. Bc7 Qc8 22. Ng3) 19. Re1 dxe5 ({RR} 19... d5 20. e6 f6 21. Ng3 dxc4 22. Nf5) 20. Bxe5 Be7 21. Bxg7 ({RR} 21. Qg4) 21... Rg8 22. Bf6 Rc7 {1-0 Dominguez Perez,L (2719)-Morozevich,A (2787) Wch Blitz 3th 2008 (6)} {RR} 23. Be5 Rd7 24. c5) 8... Nxb3 9. axb3 c5 10. c3 Bb7 $146 ({RR} 10... dxc3 11. Nxc3 Be6 12. Bg5 Be7 13. Bxe7 Nxe7 14. Ng5 O-O 15. Qh5 h6 16. Nxe6 fxe6 17. Rad1 Nc6 18. e5 d5 19. Qg6 Qe8 20. Qg4 Qf7 21. f3 Qf5 22. Qg3 c4 23. bxc4 bxc4 24. Ra1 Rfb8 25. Re2 {0-1 Vokhidov,S (2536)-Nesterov,A (2522) Titled Tuesday intern op 01st Feb-A blitz 2022 (11)}) ({RR} 10... Be7 11. cxd4 Nf6 12. Nc3 Bb7 13. Bg5 h6 14. e5 dxe5 15. dxe5 Nd5 16. Bxe7 Nxe7 17. e6 f6 18. Qe2 Qb6 19. Rad1 Bc6 20. Rd7 Ra7 21. Nh4 O-O 22. Rd3 Rd8 23. Rg3 Be8 24. Qg4 Nd5 25. e7 {1-0 Shimanskaia,T (1760)-Rakhmanov,G (1983) Korchnoi Mem Open 2024 (3.84)}) ({RR} 10... d3 11. Qxd3 Be7 12. c4 b4 13. e5 Be6 14. exd6 Qxd6 15. Qe4 Ra7 16. Bf4 Qb6 17. Ne5 Nf6 18. Qc6+ Qxc6 19. Nxc6 Ra8 20. Nd2 Bf8 21. Nb8 a5 22. Nf3 Nh5 23. Bc7 Be7 24. Rxa5 Rxa5 25. Bxa5 {1-0 Harika,D (2515)-Aulia,M (2360) FIDE World Cup (Women) 2021 (2.1)}) 11. cxd4 Nf6 12. Nh4 g6 13. Nc3 Bg7 14. e5 dxe5 15. Bg5 Qxd4 16. Qxd4 cxd4 17. Rxe5+ Kf8 18. Na2 Ne4 19. Re7 Rb8 20. Rxe4 Bxe4 21. Nb4 h6 22. Bd2 Kg8 23. Nxa6 Ra8 24. Ra3 Kh7 25. Nc5 Bd5 26. g3 Rhc8 27. b4 Rxa3 28. bxa3 Re8 29. Ng2 g5 30. Nd3 Re2 31. Bc1 Ra2 32. Nge1 Re2 33. Kf1 Re8 34. f3 Kg6 35. Kf2 Bc4 36. h4 f5 37. hxg5 hxg5 38. Bd2 Bf6 39. Bc1 Re7 40. Bd2 Rh7 41. Kg2 Ra7 42. Bc1 Re7 43. Kf2 Kf7 44. Bd2 Ke8 45. Bc1 Kd7 46. Bb2 Kc6 47. Nc1 Kd5 48. Kg2 0-1

[Event "Olympiad Women 2024"]
[Site "Budapest HUN"]
[Date "2024.09.15"]
[Round "5.16"]
[Board "3"]
[White "Hakimifard, Ghazal"]
[Black "Alboredo, Julia"]
[Result "1/2-1/2"]
[WhiteElo "2192"]
[BlackElo "2127"]
[PlyCount "117"]
[EventDate "2024.09.11"]
[WhiteTeam "Switzerland"]
[BlackTeam "Brazil"]
[WhiteTeamCountry "SUI"]
[BlackTeamCountry "BRA"]

1. e4 c5 2. Nf3 Nc6 3. d4 cxd4 4. Nxd4 Nf6 5. Nc3 e5 6. Ndb5 d6 7. Bg5 a6 8. Na3 b5 9. Nd5 Be7 10. Bxf6 Bxf6 11. c3 Ne7 12. Nxf6+ gxf6 13. c4 Qa5+ 14. Qd2 Qxd2+ 15. Kxd2 b4 16. Nc2 a5 ({RR} 16... Rb8 17. Bd3 f5 18. f3 Rg8 19. g3 fxe4 20. fxe4 Bh3 21. a3 b3 22. Ne3 Kd7 23. c5 dxc5 24. Rac1 Rgc8 25. Bxa6 Rc6 26. Bd3 Nc8 27. Nc4 f6 28. Na5 Rc7 29. Rc3 Be6 30. Rhc1 Kd6 31. Bc4 {½-½ Bauer,C (2602)-Tregubov,P (2635) Belfort Masters 6th 2003 (3)}) 17. Ne3 ({RR} 17. Rd1 Bb7 18. f3 f5 19. Bd3 fxe4 20. Bxe4 Bxe4 21. fxe4 f5 22. exf5 Nxf5 23. g4 Ng7 24. Ke2 Ke7 25. Ne3 Ra6 26. Rhf1 Ne6 27. Nd5+ Kd7 28. Rf7+ Kc6 29. Rdf1 Kc5 30. Re7 Nd4+ 31. Kd3 Nc6 {1-0 Lasok,M (1968)-Ramakrishnan M R (2007) 60th Rubinstein Mem Open 2024 (8.37)}) 17... f5 18. exf5 Bxf5 19. Nxf5 $146 ({RR} 19. Bd3 Bg6 20. h4 O-O-O 21. h5 Bxd3 22. Kxd3 d5 23. cxd5 Nxd5 24. Ke4 Nf4 25. Rad1 Nd3 26. Rxd3 f5+ 27. Nxf5 {1-0 Hlavac,R (2103)-Cichy,M (2141) CZE-chT2B 1011 2010 (6.3)}) ({RR} 19. g4 Be4 20. Rg1 h5 21. g5 O-O 22. Bg2 Bxg2 23. Rxg2 d5 24. cxd5 Nxd5 25. Nxd5 Rfd8 26. Ke2 Rxd5 27. Rd1 Rad8 28. Rgg1 Rxd1 29. Rxd1 Rxd1 30. Kxd1 Kg7 31. Ke2 Kg6 32. h4 Kf5 33. Kf3 a4 {0-1 Halili,S-Pacher,M (2366) EU-Cup 25th Ohrid 2009 (1.3)}) 19... Nxf5 20. Bd3 Nd4 21. Rhe1 Rc8 22. Rac1 Rc5 23. Be4 Rg8 24. Kd3 Ke7 25. f4 Ne6 26. f5 Nd4 27. Rf1 Kf6 28. Rce1 a4 29. Re3 h5 30. Rh3 Rg5 31. Re3 b3 32. axb3 axb3 33. Kc3 Rg8 34. Bd5 Rxd5 35. cxd5 Rxg2 36. Rh3 Rc2+ 37. Kd3 Rxb2 38. Rxh5 Rg2 39. Rh6+ Kg5 40. Rxd6 Nxf5 41. Rd8 Rxh2 42. Rg8+ Kf6 43. Kc4 b2 44. Kc3 e4 45. Rb8 e3 46. Rxb2 Rxb2 47. Kxb2 Ke5 48. Kc3 Ke4 49. Ra1 Nd6 50. Ra6 Nb5+ 51. Kc4 e2 52. Ra1 Nd6+ 53. Kc5 Nf5 54. d6 Nxd6 55. Kxd6 f5 56. Re1 Ke3 57. Ke5 f4 58. Rxe2+ Kxe2 59. Kxf4 1/2-1/2

[Event "Olympiad Women 2024"]
[Site "Budapest HUN"]
[Date "2024.09.15"]
[Round "5.16"]
[Board "4"]
[White "Tamarozi, Isabelle"]
[Black "Hryzlova, Sofiia"]
[Result "0-1"]
[WhiteElo "2059"]
[BlackElo "2188"]
[PlyCount "56"]
[EventDate "2024.09.11"]
[WhiteTeam "Brazil"]
[BlackTeam "Switzerland"]
[WhiteTeamCountry "BRA"]
[BlackTeamCountry "SUI"]

1. e4 e6 2. d4 d5 3. exd5 exd5 4. c4 Nf6 5. Nf3 Bb4+ 6. Bd2 Qe7+ 7. Be2 O-O 8. O-O dxc4 9. Bxc4 Bg4 10. Bg5 $146 ({RR} 10. Qb3 Nc6 11. a3 Bxd2 12. Nbxd2 Na5 13. Qc3 Nxc4 14. Rfe1 Qd7 15. Qxc4 Be6 16. Qc5 c6 17. Qg5 h6 18. Qh4 Rad8 19. Ne4 Nxe4 20. Rxe4 Bd5 21. Ne5 Qd6 22. Re3 f5 23. f4 Be4 24. Rd1 c5 {0-1 Schreyer,A-Weiland,T (1994) Frankfurt-ch 2004 (7)}) ({RR} 10. a3 Bxd2 11. Nbxd2 Nc6 12. Re1 Qd6 13. h3 Bh5 14. g4 Bg6 15. Nb3 Rad8 16. Bb5 Be4 17. Ng5 Nxd4 18. Nxe4 Nxe4 19. Rxe4 Nxb5 20. Qe2 c6 21. Re1 h6 22. a4 Nc7 23. Na5 Rb8 24. Nc4 Qc5 {1-0 Abdi,F (2068)-D'Arruda,R (2271) Titled Tue 9th Jan Late 2024 (8)}) ({RR} 10. Qb3 c5 11. Bxb4 cxb4 12. d5 Nbd7 13. Nbd2 Nb6 14. h3 Bh5 15. Qd3 Bg6 16. Qd4 Rfd8 17. Ne5 Nfxd5 18. Nxg6 hxg6 19. Rad1 Nc3 20. Qf4 Nxd1 21. Rxd1 Nxc4 22. Qxc4 Rxd2 23. Rc1 Rad8 24. g3 Qe2 {0-1 Gorbovyi,A-Baranovsky,V (2056) Kurass Memorial op 05th 2004 (3)}) 10... Nbd7 11. a3 Ba5 12. Nc3 c6 13. Qd3 Qd6 14. Rad1 Bc7 15. g3 Nb6 16. Ba2 Nbd5 17. Bb1 g6 18. Ba2 Kg7 19. Rfe1 a5 20. Re5 Nxc3 21. bxc3 Qxa3 22. Qe3 Ng8 23. Re7 Nxe7 24. Bxe7 Qxa2 25. d5 Rfe8 26. Re1 Qxd5 27. Nd4 Bd6 28. f3 Rxe7 0-1

[Event "Olympiad Women 2024"]
[Site "Budapest HUN"]
[Date "2024.09.15"]
[Round "5.17"]
[Board "1"]
[White "Brunello, Marina"]
[Black "Mendoza, Shania Mae"]
[Result "1-0"]
[WhiteElo "2348"]
[BlackElo "2013"]
[PlyCount "75"]
[EventDate "2024.09.11"]
[WhiteTeam "Italy"]
[BlackTeam "Philippines"]
[WhiteTeamCountry "ITA"]
[BlackTeamCountry "PHI"]

1. e4 c5 2. Nf3 g6 3. c4 Nc6 4. d4 cxd4 5. Nxd4 Nf6 6. Nc3 Nxd4 7. Qxd4 d6 8. Be3 Bg7 9. Be2 O-O 10. Qd2 Be6 11. O-O Qa5 12. Rac1 Rfc8 13. b3 a6 14. f4 b5 15. f5 Bd7 16. Bg5 ({RR} 16. b4 Qxb4 17. e5 dxe5 18. fxg6 Be6 19. gxf7+ Bxf7 20. Bh6 Bxh6 21. Qxh6 Bxc4 22. Qg5+ Kh8 23. Rxf6 Rg8 24. Qxe5 exf6 25. Qxf6+ Rg7 26. Qd4 Rc8 27. Ne4 Qe7 28. Bxc4 Qa7 29. Qxa7 Rxa7 30. Re1 Rxc4 {0-1 Ivanchuk,V (2710)-Anand,V (2715) PCA/Intel-GP rapid 1994 (3)}) ({RR} 16. e5 dxe5 17. fxg6 hxg6 18. Rxf6 Bxf6 19. Qxd7 e6 20. Ne4 Bg7 21. Rf1 Rf8 22. Nd6 Rad8 23. Qe7 Qxa2 24. Bd1 bxc4 25. Rxf7 Rxf7 26. Qxf7+ Kh7 27. Qe7 Qa5 28. b4 Qd5 29. Qh4+ Kg8 30. Qxd8+ Bf8 {1-0 Scholz,C (2305)-Kiese,M (2106) 51st Sparkassen Open A 2024 (5.26)}) 16... b4 $146 ({RR} 16... Bc6 17. fxg6 hxg6 18. Qe3 b4 19. Nd5 Bxd5 20. cxd5 Qxa2 21. Bc4 Qb2 22. Qd3 a5 23. Rc2 Qe5 24. Bxf6 Bxf6 25. Ra2 Kg7 26. h3 Rh8 27. Bb5 Rh4 28. Re1 Qg5 29. Rae2 Rah8 30. Re3 Be5 31. Rf3 {0-1 Kubikova,A (2123)-Kiefhaber,V (2244) BL 0910 (Women) 2009 (10.4)}) 17. Bxf6 bxc3 18. Bxc3 Qc5+ 19. Kh1 a5 20. Bxg7 Kxg7 21. Rc3 f6 22. Rh3 g5 23. e5 Bc6 24. exf6+ exf6 25. Bf3 Bxf3 26. Rhxf3 a4 27. Rd3 axb3 28. axb3 Re8 29. h3 Ra6 30. Rd5 Qa3 31. Rb5 Re7 32. Rd1 h5 33. c5 dxc5 34. Qd8 c4 35. Rb8 Kh6 36. Qh8+ Rh7 37. Qxh7+ Kxh7 38. Rd7+ 1-0

[Event "Olympiad Women 2024"]
[Site "Budapest HUN"]
[Date "2024.09.15"]
[Round "5.17"]
[Board "2"]
[White "Frayna, Janelle Mae"]
[Black "Zimina, Olga"]
[Result "1/2-1/2"]
[WhiteElo "2216"]
[BlackElo "2302"]
[PlyCount "85"]
[EventDate "2024.09.11"]
[WhiteTeam "Philippines"]
[BlackTeam "Italy"]
[WhiteTeamCountry "PHI"]
[BlackTeamCountry "ITA"]

1. c4 c6 2. Nf3 d5 3. g3 Bg4 4. Ne5 Bf5 5. Bg2 Nd7 6. Nxd7 Qxd7 7. cxd5 cxd5 8. Qb3 Nf6 $146 ({RR} 8... e6 9. d3 Nf6 10. Nc3 b6 11. O-O Be7 12. e4 dxe4 13. dxe4 Bg6 14. e5 Nd5 15. Nxd5 exd5 16. Be3 Rc8 17. Qxd5 Qxd5 18. Bxd5 O-O 19. Rac1 Bc5 20. Bxc5 bxc5 21. f4 Bf5 22. b3 Rfd8 23. Bf3 {1-0 McAndrew,R (1926)-Cooper,N (1648) World Senior Teams +65 2024 (8.4)}) ({RR} 8... e6 9. Nc3 Ne7 10. d3 Nc6 11. Qa4 {½-½ Naundorf,M (2118)-Schmuecker,M (2223) NRW Class2 0910 2009 (5.2)}) 9. Nc3 e6 10. O-O Rc8 11. d3 d4 12. Ne4 Nd5 13. Ng5 Bc5 14. Bd2 O-O 15. Rfc1 h6 16. Ne4 Be7 17. Rxc8 Rxc8 18. Rc1 Bg6 19. Rxc8+ Qxc8 20. Qc4 Qxc4 21. dxc4 Nb6 22. c5 Nc4 23. Bc1 f5 24. Nd2 Nxd2 25. Bxd2 Bxc5 26. Bxb7 Be8 27. b4 Bd6 28. f4 Bb5 29. Kf2 Kf7 30. e3 dxe3+ 31. Kxe3 Bc7 32. Bc3 g5 33. Bf3 gxf4+ 34. gxf4 a6 35. Bd1 Bf1 36. a4 Bd6 37. Bf3 Ke7 38. Bc6 Bc4 39. h4 Bf1 40. Bf3 Kf7 41. Bc6 Ke7 42. Bd2 Kd8 43. Bc3 1/2-1/2